Visualizzazione normale
Vista MARC
- Snyder E.
di Personal Name
Records bibliografici associati: 1
001 - CONTROL NUMBER
- control field: 28514
003 - CONTROL NUMBER IDENTIFIER
- control field: IT-RoPau
005 - DATE AND TIME OF LATEST TRANSACTION
- control field: 20140607210400.0
008 - FIXED-LENGTH DATA ELEMENTS
- fixed length control field: 140607|| aca||aabn | a|a d
040 ## - CATALOGING SOURCE
- Original cataloging agency: IT-RoPau
- Transcribing agency: IT-RoPau
100 ## - HEADING--PERSONAL NAME
- Personal name: Snyder E.
- Dates associated with a name: Codice autore testo/musica SPICS: 14485
- Relator term: Autore testo/musica
- Name of part/section of a work: The Sheik of Araby
670 ## - SOURCE DATA FOUND
- Source citation: Work cat.: (IT-RoPau)99303: AA.VV. 794, Blue Note Story (The). 1939-1950: The 78 Era